| 000 | 00948cam a22002174a 4500 | ||
|---|---|---|---|
| 005 | 20250605164018.0 | ||
| 008 | 250528s ||||||||||||||||||||||||d | ||
| 035 | _a16232 | ||
| 020 | _a713129832 | ||
| 040 |
_aGR-AtMCL _bgre _dGR-AtMCL _eAACR2 |
||
| 245 | 1 | _aBiological Nomenclature / Third Edition | |
| 250 | _a3rd | ||
| 260 | _c1989 | ||
| 300 | _a86 | ||
| 520 | _aThis practical guide includes a discussion of the principles and problems of nomenclature as well as providing an introduction to the most recent international codes of practice. Foreword, Preface, The Systematic Background, Names and Codes, Scientific Names, Stability and Change, Operative Principles of Nomenclature, Name-Changes and Synonymy, Authorities and Their Citation, Special Cases, Notes to the Text, Bibliography, Glossary, Index. | ||
| 700 | 1 |
_aEdward Arnold _9242 |
|
| 700 | 1 |
_aJeffrey Charles _92309 |
|
| 942 | _cBK | ||
| 999 |
_c1755 _d1755 |
||